Score 0/19 Timer 03:00
0 Plays Today
Hint Character % Correct
An urban legendCelty Sturluson
94.7%
Loves humansIzaya Orihara
93.2%
The strongest man in IkebukuroShizuo Heiwajima
92.4%
Russian SushiSimon Brezhnev
88.2%
Underground doctorShinra Kishitani
83.5%
Started the DollarsMikado Ryugamine
76.8%
Considers herself a parasiteAnri Sonohara
71.2%
Girlfriend got kidnapped in a gang warMasaomi Kida
64%
Carefree OtakuWalker Yumasaki
62.5%
StalkerMika Harima
59.2%
Hint Character % Correct
DotachinKyohei Kadota
55.5%
Loves her younger brotherNamie Yagiri
51.2%
Boys Love FanErika Karisawa
49.6%
ActorKasuka Heiwajima
46.1%
Wears a gas maskShingen Kishitani
44.5%
Is blinded by 'love'Seiji Yagiri
40.5%
Idolizes Izaya and becomes hospitalized because of himSaki Mikajima
39.1%
Protective of his vanSaburo Togusa
37.1%
Is 'VERY SCARY' to CeltyKinnosuke Kuzuhara
18.3%
Remove Ads.
Support Sporcle.
Get the best of Sporcle when you Go Orange. This ad-free experience offers more features, more stats, and more fun while also helping to support Sporcle. Thank you for becoming a member.

You're not logged in!

Compare scores with friends on all Sporcle quizzes.
OR
Log In

Show Comments

Extras

Created Oct 25, 2010ReportNominate
Tags:Anime Quiz, Anime Characters

Top Quizzes Today


Score Distribution

Your Account Isn't Verified!

In order to create a playlist on Sporcle, you need to verify the email address you used during registration. Go to your Sporcle Settings to finish the process.

Report this User

Report this user for behavior that violates our Community Guidelines.

Details: